000 02271nam0a2200385 4500
001 RU\NLR\BIBL_A\011621647
005 20250626100716.0
020 _aRU
_b11446
_9Сводный каталог листовок первых лет Советской власти (25 октября (7 ноября) 1917 - 1925) Т.4 (Ч.3). Листовки советских, партийных, профсоюзных, комсомольских и других организаций губерний РСФСР
035 _a(NLR Aleph) 011621647
090 _a10986325
_c10986325
100 _a20180205d1921 |||y0rusy50 ca
101 0 _arus
102 _aRU
105 _ay z 000zy
135 _acrcn 024apada
200 1 _aВоззвание всем гражданам Духовщинского уезда. г. Духовщина
_e[о подаче жалоб на служащих Советов, исполкомов и др.
_eлистовка
_fДуховщинская уезд. комиссия по борьбе с дезертирством]
210 _a[Духовщина
_cб. и.
_d1921]
215 _a1 с.
_d19х15
300 _aПодпись: Чрезвычайная комиссия по искоренению дезертирства
300 _aВых. дан. установлены по изд.: Кн. летопись. 1921. № 665
325 1 _aКопия доступна в Электронной библиотеке РНБ
517 1 _aО подаче жалоб на служащих Советов, исполкомов и др.
607 _aРСФСР
_jЛистовки
_xПолитика и управление
_y1917 - 1925
_92312782
_3RU\NLR\auth\6601609564
686 0 _aТ3(2)71-313,011
686 1 _aТ3(2Р-4См)713-3,011
711 0 2 _aДуховщинская уездная комиссия по борьбе с дезертирством
_9592716
_3RU\NLR\AUTH\880465103
852 0 0 _aNLR
_bФЛ
_j52/25
942 _cBOOK
980 _aNB
981 2 1 _a(21) Листовки
_b(21) Листовки 1921 года